|
|
|
|
| LEADER |
01109nam a2200313 a 4500 |
| 001 |
000013480 |
| 003 |
CZ BrMZK |
| 005 |
20170120092703.0 |
| 007 |
ta |
| 008 |
940722s1994 xr f c 000 m cze d |
| 020 |
|
|
|q (Brož.)
|
| 040 |
|
|
|a BOA001
|b cze
|
| 043 |
|
|
|a e-xr---
|
| 080 |
9 |
|
|a (083.824)
|
| 080 |
9 |
|
|a 7.036/.038
|
| 080 |
9 |
|
|a 76(437.3)
|
| 100 |
1 |
|
|a Chleborádová, Bohuslava,
|d 1958-
|7 xx0080694
|4 aut
|
| 245 |
1 |
0 |
|a Vojtěch Preissig :
|b Regionální muzeum Teplice, červen 1994 /
|c odb. text Bohuslava Chleborádová, J. Michlová
|
| 260 |
|
|
|a Teplice :
|b Regionální muzeum,
|c 1994
|
| 300 |
|
|
|a 1 slož. list +
|e 3 obr. příl
|
| 600 |
1 |
7 |
|a Preissig, Vojtěch,
|d 1873-1944
|7 jk01101031
|2 czenas
|
| 650 |
0 |
7 |
|a moderní umění
|7 ph115340
|z Česko
|2 czenas
|
| 650 |
0 |
7 |
|a česká grafika
|7 ph128116
|y 20. stol.
|2 czenas
|
| 655 |
|
7 |
|a katalogy výstav
|7 fd132536
|2 czenas
|
| 700 |
1 |
|
|a Michlová, Jana,
|d 1948-
|7 js20070325003
|4 aut
|
| 910 |
|
|
|a BOA001
|b X-1001.125
|
| 990 |
|
|
|a BK
|
| 991 |
|
|
|b 201701
|
| 996 |
6 |
|
|b 2610010714
|c X-1001.125
|l MZK
|r Sklad / do 24 hodin
|n 9
|p p.v.
|w 000013480
|u 000010
|a 1
|e BOA001
|j MZK50
|s P
|